00300nam a2200121Ia 450000500170000000800410001708200130005810000130007124500280008426000470011230000110015965000080017020240607023222.0240331s9999 xx 000 0 und d bCRAa346 aCraig, C 0aEverything but the ring aKingstonbBureau of Women's Affairs c1982 a35 p., aLaw